Statistiques concernant Les pays ayant disputé au moins une coupe du monde de Rugby

Cliquez ici pour prendre le quiz!

Statistiques générales

  • Ce quiz a été pris 309 fois
    (181 depuis la dernière actualisation)
  • Le résultat moyen est 22 sur 26

Statistiques - réponses

Nombre de participationPaysPremière participationMeilleur résultat% Correct
France1987Finale
100%
Angleterre1987Champion
99%
Australie1987Champion
99%
10Nouvelle-Zélande1987Champion
99%
Afrique du Sud1995Champion
97%
Irlande1987Quart de Finale
96%
Pays de Galles1987Demi-Finale
96%
Écosse1987Demi-Finale
95%
Italie1987Premier Tour
95%
Argentine1987Demi-Finale
94%
8États-Unis1987Premier Tour
93%
Espagne1999Premier Tour
90%
Fidji1987Quart de Finale
89%
Portugal2007Premier Tour
89%
Japon1987Quart de Finale
88%
9Canada1987Quart de Finale
86%
Samoa1991Quart de Finale
86%
Tonga1987Premier Tour
84%
2Russie2011Premier Tour
83%
5Uruguay1999Premier Tour
78%
7Namibie1999Premier Tour
76%
Chili2023-
74%
6Géorgie2003Premier Tour
74%
Roumanie1987Premier Tour
72%
Zimbabwe1987Premier Tour
45%
1Cote d'Ivoire1995Premier Tour
43%

Distribution des résultats

Percentile par nombre de réponses

% des personnes avec chaque résultat

Votre développement - résultats

Vous n’avez pas pris ce quiz depuis la dernière actualisation